[Event "It"]
[Site "masterchessopen.com - Venice (Italy)"]
[Round "11"]
[White "Van Scheltinga Theo D (NED)"]
[Black "Heidenfeld Wolfgang"]
[Result "1/2-1/2"]
[WhiteElo "2325"]
[BlackElo "2225"]

1.c4 f5 2.d4 Nf6 3.g3 e6 4.Bg2 Be7 5.Nf3 O-O 6.O-O d5 7.b3 c6 8.Ba3 Bxa3
9.Nxa3 Qe7 10.Qc1 Nbd7 11.Qb2 Ne4 12.e3 b6 13.Rac1 Bb7 14.cxd5 exd5 15.b4 a5
16.b5 c5 17.dxc5 Nexc5 18.Rfd1 Rad8 19.Nc2 Na4 20.Qb3 Ndc5 21.Qa3 g5 22.Ncd4
Qf6 23.Bf1 Kh8 24.Be2 f4 25.exf4 gxf4 26.Re1 Rde8 27.Bf1 Re4 28.Red1 fxg3
29.hxg3 Rxd4 30.Rxd4 Qxf3 31.Qxf3 Rxf3 32.Re1 Rf7 33.Re8+ {#d} 1/2-1/2

[Event "Ch Yugoslavia"]
[Site "masterchessopen.com - Ljubljana (Slovenia)"]
[Round "0"]
[White "Sofrevski Jovan (MKD)"]
[Black "Toth Macas (SRB)"]
[Result "1-0"]
[WhiteElo "2375"]
[BlackElo "2154"]

1.Nf3 f5 2.g3 Nf6 3.Bg2 e6 4.O-O d5 5.d4 Be7 6.c4 c6 7.b3 O-O 8.Ba3 Bxa3
9.Nxa3 Qe7 10.Qc1 b6 11.Qb2 Bb7 12.Rac1 Na6 13.Ne5 Rac8 14.cxd5 exd5 15.Nc2
Nd7 16.Nxd7 Qxd7 17.Ne1 Qe7 18.Nd3 Nb8 19.b4 Nd7 20.a4 Kh8 21.e3 Qf6 22.Qb3
Qd6 23.Rfd1 a6 24.Rd2 g6 25.Rdc2 b5 26.a5 Rce8 27.Re1 Re7 28.f4 Re6 29.Ne5
Nxe5 30.dxe5 Qe7 31.Qc3 Kg7 32.Qd4 Rd8 33.Bf3 Kg8 34.Rg2 Bc8 35.g4 Qh4 36.Rc1
Ree8 37.g5 Bb7 38.Rg3 h6 39.Kg2 hxg5 40.Rh3 Qxh3+ 41.Kxh3 g4+ 42.Bxg4 fxg4+
43.Kxg4 Kf7 44.Kg3 Rh8 45.h4 Rh5 46.Qb6 Rd7 47.Rxc6 Bxc6 48.Qxc6 {#r} 1-0

[Event "It"]
[Site "masterchessopen.com - Bordeaux (France)"]
[Round "5"]
[White "Bilek Istvan (HUN)"]
[Black "Maric Rudolf (YUG)"]
[Result "1-0"]
[WhiteElo "2375"]
[BlackElo "2450"]

1.Nf3 e6 2.g3 f5 3.Bg2 Nf6 4.O-O Be7 5.d4 O-O 6.c4 d5 7.b3 c6 8.Ba3 Bxa3
9.Nxa3 Qe7 10.Qc1 b6 11.Qb2 Bb7 12.Rac1 Nbd7 13.Rfd1 a5 14.e3 Ne4 15.Ne5 Nxe5
16.dxe5 Rad8 17.f3 Nc5 18.Bf1 Rd7 19.Rd4 Rc7 20.Rd2 Qg5 21.Re1 Qe7 22.Nc2 Nd7
23.Red1 c5 24.f4 Rb8 25.Na3 Nf8 26.Nb5 Rd7 27.Nd6 dxc4 28.bxc4 Bf3 29.Be2 Bc6
30.Kf2 Ba4 31.Rb1 Bc6 32.Qc3 Qd8 33.h4 Qc7 34.Bd1 Rdd8 35.Bc2 Rd7 36.Qd3 Be4
37.Qe2 Bxc2 38.Rxc2 Qc6 39.g4 fxg4 40.Qxg4 Re7 41.Rg1 Rd8 42.Rd2 Rdd7 43.h5 h6
44.Qf3 Qxf3+ 45.Kxf3 Rd8 46.Rb1 Nd7 47.Ne4 Rf8 48.Ke2 Rc8 49.Rd6 Rc7 50.Nc3
Kf7 51.Nb5 Rc8 52.Rbd1 Ke8 53.Na7 Rc7 54.Nc6 {#r} 1-0

[Event "Olympiad"]
[Site "masterchessopen.com - Siegen (Germany)"]
[Round "17"]
[White "Uhlmann Wolfgang (GER)"]
[Black "Ivkov Borislav (SRB)"]
[Result "0-1"]
[WhiteElo "2379"]
[BlackElo "2416"]

1.d4 e6 2.c4 f5 3.g3 Nf6 4.Bg2 Be7 5.Nf3 O-O 6.O-O d5 7.b3 c6 8.Ba3 Bxa3
9.Nxa3 Qe7 10.Qc1 Bd7 11.b4 Be8 12.Rb1 a6 13.Rb3 Bh5 14.cxd5 cxd5 15.Ne5 Bxe2
16.Re1 Bh5 17.b5 axb5 18.Nxb5 Nc6 19.Nxc6 bxc6 20.Qxc6 Rfc8 21.Qb6 Ne4 22.f3
Qd7 23.fxe4 Rc6 24.Qxc6 Qxc6 25.exd5 Qc2 26.Nc3 Rc8 27.dxe6 Rxc3 28.Bd5 Be8
29.e7+ Kh8 30.Bf7 Qd2 {#R} 0-1

[Event "It (cat.8)"]
[Site "masterchessopen.com - Sarajevo (Bosnia & Herzegovina)"]
[Round "15"]
[White "Vukic Milan (BIH)"]
[Black "Gasic Bozidar (SCG)"]
[Result "1-0"]
[WhiteElo "2411"]
[BlackElo "2173"]

1.Nf3 f5 2.c4 e6 3.g3 Nf6 4.Bg2 c6 5.O-O d5 6.d4 Be7 7.b3 O-O 8.Ba3 Bxa3
9.Nxa3 Qe7 10.Qc1 Bd7 11.Nc2 Be8 12.Nce1 Bh5 13.Nd3 Nbd7 14.Qb2 Ne4 15.Rac1 g5
16.Nfe5 f4 17.f3 Nd6 18.c5 Ne8 19.Qd2 Nxe5 20.Nxe5 Ng7 21.e3 fxg3 22.hxg3 Rf6
23.e4 dxe4 24.fxe4 Rd8 25.Qe3 h6 26.b4 a6 27.a4 Be8 28.Nc4 Nh5 29.e5 Rxf1+
30.Rxf1 Bg6 31.Nd6 Ng7 32.Rf6 Bh7 33.g4 h5 34.gxh5 Nxh5 35.Rf7 Qxf7 36.Nxf7
Kxf7 37.Qxg5 Rxd4 38.Qxh5+ Bg6 39.Qh8 Bf5 40.Bf3 Bg4 {#r} 1-0

[Event "Ch Yugoslavia"]
[Site "masterchessopen.com - Bjelovar (Croatia)"]
[Round "11"]
[White "Vukic Milan (BIH)"]
[Black "Davcevski Dusan (MKD)"]
[Result "1-0"]
[WhiteElo "2485"]
[BlackElo "2232"]

1.d4 e6 2.c4 f5 3.g3 Nf6 4.Bg2 d5 5.Nf3 Be7 6.O-O c6 7.b3 O-O 8.Ba3 Bxa3
9.Nxa3 Qe7 10.Qc1 Bd7 11.Nc2 Be8 12.Nce1 Nbd7 13.Nd3 Bh5 14.Re1 a5 15.c5 Rfc8
16.a3 Be8 17.b4 axb4 18.axb4 b5 19.Ra5 Rxa5 20.bxa5 Ra8 21.Qa3 Nb6 22.Nfe5 Na4
23.Nb4 Qc7 24.a6 Bd7 25.f4 Kf8 26.Bf3 Ng8 27.e3 Ke8 28.Ra1 Ne7 29.Bd1 Qa5
30.Bxa4 bxa4 31.Qxa4 Qxa4 32.Rxa4 Ra7 33.h3 Kd8 34.g4 Kc7 35.Kf2 Be8 36.Ra1
Ra8 37.Ke2 Nc8 38.Kd2 Na7 39.gxf5 exf5 40.Rg1 g6 41.h4 Nc8 42.h5 Ne7 43.hxg6
Bxg6 44.Rh1 Rc8 45.Nxg6 hxg6 46.Rh7 Kd7 47.a7 Ke6 48.Rxe7+ {#r} 1-0

[Event "Ch Great Britain"]
[Site "masterchessopen.com - Torquay (England)"]
[Round "5"]
[White "Flear Glenn C (ENG)"]
[Black "Richardson John R (ENG)"]
[Result "1-0"]
[WhiteElo "2365"]
[BlackElo "2331"]

1.d4 f5 2.g3 Nf6 3.Bg2 e6 4.Nf3 Be7 5.O-O O-O 6.c4 d5 7.b3 c6 8.Ba3 Bxa3
9.Nxa3 Qe7 10.Qc1 b6 11.Nc2 Bb7 12.Nce1 Nbd7 13.Nd3 Rac8 14.Nfe5 Rfe8 15.Rd1
Nxe5 16.Nxe5 c5 17.Qa3 Qc7 18.cxd5 Bxd5 19.Rac1 Bxg2 20.Kxg2 Qb7+ 21.Kg1 Qe4
22.Qxa7 Qxe2 23.Re1 Qb2 24.Qf7+ Kh8 25.Nc4 Qxd4 26.Rcd1 Qg4 27.Nd6 Rcd8 28.h3
Qf3 29.Nxe8 Rxe8 30.Rd6 Rg8 31.Re3 Qa8 32.Rdxe6 Qxa2 33.Re8 Qa1+ 34.Kg2 Nxe8
35.Rxe8 Rxe8 36.Qxe8# 1-0

[Event "Ch World (juniors)"]
[Site "masterchessopen.com - Gausdal (Norway)"]
[Round "0"]
[White "Horvath Csaba (HUN)"]
[Black "Klinger Josef (AUT)"]
[Result "0-1"]
[WhiteElo "2360"]
[BlackElo "1981"]

1.d4 e6 2.c4 f5 3.Nf3 Nf6 4.g3 d5 5.Bg2 c6 6.O-O Be7 7.b3 O-O 8.Ba3 Bxa3
9.Nxa3 Qe7 10.Qc1 Bd7 11.Qb2 Be8 12.Rac1 a5 13.Nb1 Nbd7 14.Nc3 Bf7 15.e3 Ne4
16.Nd2 Ndf6 17.Ncxe4 fxe4 18.f3 exf3 19.Nxf3 Ng4 20.Qe2 Bg6 21.Nd2 Nf6 22.e4
dxe4 23.Nxe4 Bxe4 24.Bxe4 Rfe8 25.Bg2 a4 26.Rfe1 axb3 27.axb3 Qb4 28.Qd3 Rad8
29.Qe3 e5 30.dxe5 Ng4 31.Qa7 Nxe5 32.Re3 Ng4 33.Rxe8+ Rxe8 34.Qd4 Qxb3 35.Rf1
Qe3+ 36.Qxe3 Nxe3 37.Re1 Kf7 38.Bf1 Nxf1 39.Rxf1+ Ke6 40.Rb1 Re7 41.Re1+ Kd7
42.Rd1+ Kc7 43.c5 b6 44.cxb6+ Kxb6 45.Rb1+ Ka5 46.Rc1 Kb5 47.Rb1+ Ka4 48.Rc1
Rc7 49.Kf2 c5 50.Ke2 Kb3 51.Ra1 c4 52.Ra8 Rd7 {#R} 0-1

[Event "It (cat.11)"]
[Site "masterchessopen.com - Jerusalem (Israel)"]
[Round "6"]
[White "Birnboim Nathan (ISR)"]
[Black "Agdestein Simen (NOR)"]
[Result "1-0"]
[WhiteElo "2445"]
[BlackElo "2545"]

1.d4 e6 2.c4 f5 3.g3 Nf6 4.Bg2 Be7 5.Nf3 d5 6.O-O O-O 7.b3 c6 8.Ba3 Bxa3
9.Nxa3 Qe7 10.Qc1 Nbd7 11.Qb2 b6 12.Rac1 Bb7 13.Ne5 Nxe5 14.dxe5 Ng4 15.h3 Nh6
16.f4 g5 17.cxd5 exd5 18.e3 Rf7 19.Kh2 Rg7 20.Nc2 Kh8 21.e6 gxf4 22.exf4 Qxe6
23.Bf3 c5 24.b4 Qg6 25.Rg1 Re8 26.bxc5 bxc5 27.Rce1 Rxe1 28.Nxe1 Qa6 29.Qe5
Qxa2+ 30.Rg2 Qa4 31.Bxd5 Bxd5 32.Qxd5 Qe4 33.Qd1 Re7 34.Nf3 Nf7 35.Rb2 h6
36.Nh4 Re6 37.Qd7 Kg7 38.Rb7 Rf6 39.Rxa7 c4 40.Rc7 c3 41.Rxc3 Qe2+ 42.Ng2 Qf2
43.Rd3 h5 44.Rd2 Qc5 45.Nh4 Kh6 46.Qd5 Qc8 47.Qd7 Qc5 48.Qd4 Qc6 49.Rb2 Kh7
50.Qd1 Kh6 51.Rb8 Qe4 52.Qa1 Qe2+ 53.Ng2 Ra6 54.Qc3 Qe4 55.Rg8 Rg6 56.Rh8+
{#r} 1-0

[Event "It (w)"]
[Site "masterchessopen.com - Belgrade (Yugoslavia)"]
[Round "3"]
[White "Matveeva Svetlana (RUS)"]
[Black "Markovic Gordana (SRB)"]
[Result "1/2-1/2"]
[WhiteElo "2380"]
[BlackElo "2257"]

1.d4 e6 2.Nf3 f5 3.g3 Nf6 4.Bg2 d5 5.O-O Be7 6.c4 c6 7.b3 O-O 8.Ba3 Bxa3
9.Nxa3 Qe7 10.Qc1 Bd7 11.Rb1 a5 12.Nc2 Be8 13.Nce1 Bh5 14.Nd3 Nbd7 15.Re1 Ne4
16.Nfe5 Nxe5 17.Nxe5 g5 18.f3 Nd6 19.e4 dxe4 20.fxe4 f4 21.Rf1 fxg3 22.hxg3
Rxf1+ 23.Qxf1 Nf7 24.Nxf7 Bxf7 25.Qf2 Bg6 26.Rd1 h6 27.d5 exd5 28.exd5 Rf8
29.Qd4 c5 30.d6 cxd4 31.dxe7 Re8 32.Rxd4 Rxe7 33.Rd5 a4 34.Rb5 axb3 35.axb3
Bc2 36.Kf2 Bd1 37.Bxb7 Re2+ 38.Kf1 Re3 39.Bd5+ Kf8 40.b4 Rxg3 41.c5 Rc3 42.c6
Ba4 43.Rb8+ Ke7 44.b5 Kd6 45.b6 Kxd5 46.c7 Bb5+ 47.Ke1 Ba6 48.Ra8 Bb7 49.Rb8
Ba6 {#d} 1/2-1/2

[Event "Ch France"]
[Site "masterchessopen.com - Royan (France)"]
[Round "0"]
[White "Thebault Bernard (FRA)"]
[Black "Villeneuve Alain (FRA)"]
[Result "1/2-1/2"]
[WhiteElo "2079"]
[BlackElo "2261"]

1.d4 e6 2.c4 f5 3.Nf3 Nf6 4.g3 Be7 5.Bg2 d5 6.O-O c6 7.b3 O-O 8.Ba3 Bxa3
9.Nxa3 Qe7 10.Qc1 Nbd7 11.Qb2 b6 12.Rac1 Ba6 13.b4 Bb7 14.cxd5 Nxd5 15.b5 cxb5
16.Nxb5 a6 17.Nc7 Rac8 18.Ne5 Nxe5 19.Nxd5 Bxd5 20.Bxd5 Ng4 21.Bf3 Qd6 22.e3
b5 23.Bb7 Rb8 24.Bf3 Rfc8 25.Rxc8+ Rxc8 26.Rc1 Rxc1+ 27.Qxc1 Nf6 28.Qc8+ Kf7
29.Qb7+ Kf8 30.Qc8+ {#d} 1/2-1/2

[Event "It (open)"]
[Site "masterchessopen.com - Cannes (France)"]
[Round "0"]
[White "Spiridonov Nikola (BUL)"]
[Black "Malek Farabi (TUN)"]
[Result "1-0"]
[WhiteElo "2239"]
[BlackElo "2250"]

1.c4 e6 2.g3 f5 3.Bg2 Nf6 4.Nf3 d5 5.O-O Be7 6.d4 c6 7.b3 O-O 8.Ba3 Bxa3
9.Nxa3 Qe7 10.Qc1 b6 11.Qb2 a5 12.Rac1 Bb7 13.e3 Nbd7 14.Nb1 Ne4 15.Nc3 Rac8
16.Rfd1 Rfd8 17.Rc2 Qd6 18.Rdc1 h6 19.cxd5 exd5 20.Bf1 Re8 21.Na4 b5 22.Nc3 g5
23.Ne2 Re7 24.Ne5 g4 25.Nxd7 Rxd7 26.Nf4 Rf8 27.Nd3 Re7 28.b4 Ra8 29.bxa5 Rxa5
30.Nb4 Rc7 31.Qb3 Nf6 32.Bd3 Qd7 33.Rc5 Rc8 34.Qc2 Ne4 35.Bxe4 fxe4 36.Nxc6
Rxc6 37.Rxc6 Qxc6 38.Qxc6 Bxc6 39.Rxc6 Rxa2 40.Rxh6 b4 41.Rb6 Ra1+ 42.Kg2 Rb1
43.Rb5 b3 44.Rxd5 b2 45.Rb5 Kf7 46.Rb6 Ke7 47.d5 Kd7 48.d6 Ke6 49.h3 gxh3+
50.Kh2 Kd7 51.g4 Ke6 52.g5 Rd1 53.Rxb2 Kf5 54.Rb5+ Kg4 55.g6 Rxd6 56.g7 Rg6
57.Rb1 {#r} 1-0

[Event "Ch Moscow Region"]
[Site "masterchessopen.com - Moscow (Russia)"]
[Round "0"]
[White "Kamshonkov Sergey (RUS)"]
[Black "Gusev Yuri S (RUS)"]
[Result "1/2-1/2"]
[WhiteElo "2359"]
[BlackElo "2338"]

1.Nf3 f5 2.g3 Nf6 3.Bg2 e6 4.c4 Be7 5.O-O O-O 6.d4 d5 7.b3 c6 8.Ba3 Bxa3
9.Nxa3 Qe7 10.Qc1 Nbd7 11.Qb2 b6 12.Rac1 Bb7 13.e3 h6 14.Rfd1 g5 15.Ne5 Nxe5
16.dxe5 Ne4 17.f3 Nc5 18.b4 Na4 19.Qb3 a5 20.b5 Nc5 21.Qc2 f4 22.Rb1 Qg7
23.Qc3 Rac8 24.Qd4 Nd7 25.bxc6 Bxc6 26.exf4 gxf4 27.gxf4 dxc4 28.Kf2 Bd5
29.Rg1 Kh8 30.Bf1 Qe7 31.Nxc4 Qh4+ 32.Ke3 b5 33.Rg4 Qxh2 34.Rxb5 Qh1 35.Rxd5
exd5 36.Nd2 h5 37.Rg5 Qh4 38.Bd3 Qe1+ 39.Be2 Qh4 40.Bd3 Qe1+ 41.Be2 Qh4 42.Rg6
Rxf4 43.Ne4 Rf5 44.e6+ Ne5 45.Rh6+ Kg7 46.Nd6 Qxd4+ 47.Kxd4 Nc6+ 48.Kc5 Ne7+
49.Nxc8 Nxc8 50.Bd3 Kxh6 51.Bxf5 Kg5 52.Bh3 Ne7 53.f4+ Kxf4 54.Kd6 Ng6 55.Kxd5
Kg5 56.Kd6 Kf6 57.a4 Ne7 58.Kd7 Nd5 59.Kd6 Ne7 {#d} 1/2-1/2

[Event "Ch Marshall Chess Club"]
[Site "masterchessopen.com - New York (USA)"]
[Round "0"]
[White "Vulicevic Nenad (YUG)"]
[Black "Korsunsky Yuri (UKR)"]
[Result "0-1"]
[WhiteElo "2363"]
[BlackElo "2419"]

1.c4 e6 2.Nf3 f5 3.g3 Nf6 4.Bg2 Be7 5.O-O c6 6.d4 d5 7.b3 O-O 8.Ba3 Bxa3
9.Nxa3 Qe7 10.Qc1 b6 11.Qb2 Nbd7 12.Rac1 Bb7 13.cxd5 exd5 14.e3 Ne4 15.Ne5
Nxe5 16.dxe5 Nc5 17.Rfd1 Ba6 18.Bf1 Bxf1 19.Kxf1 a5 20.f4 Qb7 21.Qe2 Ne4
22.Qd3 Rfd8 23.Nc2 c5 24.a4 Rac8 25.Na3 d4 26.Nb5 c4 27.Rxc4 Nc5 28.Rxc5 Qh1+
29.Ke2 Qg2+ 30.Ke1 Rxc5 31.Nxd4 Qxh2 32.Qxf5 Qxg3+ 33.Ke2 Qg2+ 34.Ke1 Kh8
35.Qd3 h6 36.e6 Rh5 37.Qe2 Qg3+ 38.Kd2 Rh2 39.Qxh2 Qxh2+ 40.Kd3 Qh5 41.Rc1
Qg6+ 42.Kd2 Rxd4+ {#R} 0-1

[Event "It \"]
[Site "masterchessopen.com - Bojnice (Slovakia)"]
[Round "6"]
[White "Umansky Vladimir (RUS)"]
[Black "Straeter Timo (GER)"]
[Result "1/2-1/2"]
[WhiteElo "2294"]
[BlackElo "2327"]

1.d4 f5 2.Nf3 Nf6 3.g3 e6 4.Bg2 d5 5.O-O Be7 6.c4 c6 7.b3 O-O 8.Ba3 Bxa3
9.Nxa3 Qe7 10.Qc1 Nbd7 11.Qb2 Ne4 12.e3 g5 13.Ne5 Qg7 14.f3 Nef6 15.e4 dxe4
16.fxe4 Nxe5 17.dxe5 Ng4 18.exf5 exf5 19.Rae1 f4 20.Nc2 fxg3 21.hxg3 Bf5
22.Nd4 Qh6 23.Bd5+ cxd5 24.Nxf5 Qb6+ 25.Kh1 Qe6 26.cxd5 Qxd5+ 27.Qg2 Qxg2+
28.Kxg2 Rae8 29.e6 Rf6 30.e7 Nh6 31.Nxh6+ Rxh6 32.Rf5 Rg6 33.g4 h6 34.Re4 Kg7
35.Rc5 b6 36.Rd5 Kf7 37.Rde5 Rc6 38.Re2 Rcc8 39.Rf5+ Kg7 40.Rfe5 Rc6 41.Kg3
{#d} 1/2-1/2

[Event "Mecklenburg Landesliga 1994/95"]
[Site "masterchessopen.com - Germany"]
[Round "5"]
[White "Zeeck Detlef"]
[Black "Mitscherling Reinhard (GER)"]
[Result "0-1"]
[WhiteElo "1850"]
[BlackElo "2024"]

1.d4 f5 2.c4 e6 3.Nf3 Nf6 4.g3 c6 5.Bg2 d5 6.b3 Be7 7.O-O O-O 8.Ba3 Bxa3
9.Nxa3 Qe7 10.Qc1 Bd7 11.Qb2 Na6 12.Nc2 Rac8 13.Nce1 c5 14.Ne5 Bc6 15.Nxc6
Rxc6 16.Nd3 Rc7 17.dxc5 dxc4 18.bxc4 Nxc5 19.Nxc5 Qxc5 20.Rab1 b6 21.Rfd1 Rfc8
22.Rbc1 Kf7 23.e3 Qe7 24.Bf1 Ne4 25.Rd4 Nf6 26.Rcd1 Ne4 27.Bd3 Nc5 28.Be2 Qf6
29.Qd2 h6 30.Kh1 Ne4 31.Qe1 Kg8 32.g4 e5 33.Rd5 fxg4 34.Bxg4 Nxf2+ {#R} 0-1

[Event "It (open)"]
[Site "masterchessopen.com - Goch (Germany)"]
[Round "6"]
[White "Maes Valeer (BEL)"]
[Black "Mohrholz Uwe (GER)"]
[Result "1-0"]
[WhiteElo "2179"]
[BlackElo "2021"]

1.d4 e6 2.Nf3 f5 3.c4 c6 4.g3 d5 5.Bg2 Nf6 6.O-O Be7 7.b3 O-O 8.Ba3 Bxa3
9.Nxa3 Qe7 10.Qc1 Bd7 11.Qb2 Be8 12.Ne5 Nbd7 13.Nd3 g5 14.b4 h5 15.b5 Rb8
16.bxc6 bxc6 17.Qc1 Kh7 18.Rb1 Rxb1 19.Nxb1 Ne4 20.cxd5 cxd5 21.Qc7 a6 22.Ne5
Qd6 23.Rc1 Kg8 24.Bxe4 Qxc7 25.Rxc7 Nxe5 26.Bxd5 exd5 27.dxe5 Bb5 28.Nc3 Bc4
29.Rd7 Rb8 30.Nxd5 Bxe2 31.Nf6+ Kf8 32.e6 Rb1+ 33.Kg2 Bf1+ 34.Kf3 g4+ 35.Kf4
{#r} 1-0

[Event "Ch Hamburg"]
[Site "masterchessopen.com - Hamburg (Germany)"]
[Round "6"]
[White "Pajeken Wolfgang (GER)"]
[Black "Schaefer Norbert (GER)"]
[Result "1/2-1/2"]
[WhiteElo "2315"]
[BlackElo "2245"]

1.d4 e6 2.c4 f5 3.Nf3 Nf6 4.g3 Be7 5.Bg2 O-O 6.O-O d5 7.b3 c6 8.Ba3 Bxa3
9.Nxa3 Qe7 10.Qc1 Bd7 11.Nc2 Be8 12.Ne5 Nbd7 13.Qa3 Qxa3 14.Nxa3 Nxe5 15.dxe5
Ng4 16.f4 Ne3 17.Rf3 d4 18.c5 b6 19.Rc1 Nd5 20.Rd3 Nc3 21.Rc2 bxc5 22.Nc4 a5
23.e3 a4 24.exd4 axb3 25.axb3 Ne4 26.Bxe4 fxe4 27.Rdd2 Bg6 28.Ne3 Ra3 29.Rxc5
Rxb3 30.Kf2 Ra8 31.Rxc6 Raa3 32.Re2 Be8 33.Rc8 Kf7 34.Nc4 Bb5 35.Nxa3 Rf3+
36.Ke1 Bxe2 37.Kxe2 Rxa3 38.Rc2 h5 39.Rc7+ Kf8 40.Rc6 Kf7 41.Rc7+ Kf8 42.Rc2
Rf3 43.Rd2 h4 44.d5 exd5 45.Rxd5 hxg3 46.hxg3 g5 47.e6 gxf4 48.Rf5+ Ke7
49.gxf4 Kxe6 50.Re5+ Kf6 51.Rxe4 Ra3 52.Re3 Rxe3+ 53.Kxe3 Kf5 54.Kf3 Kf6
55.Kg4 Kg6 56.f5+ Kf6 57.Kf4 Kf7 58.Ke5 Ke7 59.f6+ Kf7 60.Kf5 Kf8 61.Kg5 Kf7
62.Kf5 Kf8 63.Ke6 Ke8 64.f7+ Kf8 65.Kd6 Kxf7 {#d} 1/2-1/2

[Event "Bayern Regionalliga Northwest 1994/95"]
[Site "masterchessopen.com - Germany"]
[Round "0"]
[White "Schell Walter (GER)"]
[Black "Scheringer Dietrich"]
[Result "1/2-1/2"]
[WhiteElo "2150"]
[BlackElo "2010"]

1.d4 e6 2.c4 f5 3.g3 Nf6 4.Bg2 Be7 5.Nf3 O-O 6.O-O c6 7.b3 d5 8.Ba3 Bxa3
9.Nxa3 Qe7 10.Qc1 Nbd7 11.Qb2 Ne4 12.e3 a5 13.Ne1 Ndf6 14.Nd3 Bd7 15.c5 b5
16.Nc2 Rfb8 17.Nce1 Be8 18.Ne5 Rc8 19.N1d3 Ng5 20.f3 Nf7 21.Rfe1 Nxe5 22.Nxe5
Nd7 23.Nd3 Qf6 24.e4 Bf7 25.exd5 exd5 26.f4 Re8 27.Rxe8+ Rxe8 28.Ne5 Nxe5
29.fxe5 Qg5 30.Qf2 Be6 31.Qf4 Qxf4 32.gxf4 Ra8 33.a3 g6 34.Kf2 h6 35.Bf3 Kh7
36.h4 Rg8 37.Ke3 Rg7 38.a4 b4 39.Rg1 h5 40.Be2 Kh6 41.Bd3 Rf7 42.Be2 {#d}
1/2-1/2

[Event "Ch Germany (juniors) (under 20) (qual)"]
[Site "masterchessopen.com - Dresden (Germany)"]
[Round "0"]
[White "Prusikin Michael (GER)"]
[Black "Biegler Markus (GER)"]
[Result "1-0"]
[WhiteElo "2450"]
[BlackElo "2133"]

1.d4 e6 2.c4 f5 3.g3 Nf6 4.Bg2 Be7 5.Nf3 O-O 6.O-O d5 7.b3 c6 8.Ba3 Bxa3
9.Nxa3 Qe7 10.Qc1 Nbd7 11.Qb2 b6 12.Rac1 Bb7 13.e3 Rac8 14.Rfd1 c5 15.cxd5
Bxd5 16.Nb5 a6 17.Nc3 Rfd8 18.Nxd5 Nxd5 19.Qa3 h6 20.Qxa6 Ra8 21.Qe2 g5 22.e4
fxe4 23.Qxe4 N7f6 24.Qe2 Nb4 25.a4 Rac8 26.dxc5 Rxd1+ 27.Rxd1 Rxc5 28.Nd4 Kf7
29.Bh3 g4 30.Bxg4 Nxg4 31.Qxg4 Nd5 32.Qh5+ Kg7 33.Re1 Nf6 34.Qxc5 {#r} 1-0

[Event "It (open)"]
[Site "masterchessopen.com - Orense (Spain)"]
[Round "6"]
[White "Paunovic Dragan (SRB)"]
[Black "Rivera Daniel (URU)"]
[Result "1/2-1/2"]
[WhiteElo "2470"]
[BlackElo "2370"]

1.d4 e6 2.Nf3 f5 3.g3 Nf6 4.Bg2 d5 5.O-O Be7 6.b3 O-O 7.c4 c6 8.Ba3 Bxa3
9.Nxa3 Qe7 10.Qc1 Bd7 11.Nb1 Be8 12.Qa3 Qxa3 13.Nxa3 Bh5 14.Ng5 Re8 15.Rfe1 h6
16.Nh3 Nbd7 17.Nf4 g5 18.Nd3 Bf7 19.f4 Bh5 20.Nc2 Kf7 21.Ne5+ Ke7 22.e3 Ne4
23.Nxd7 Kxd7 24.Nb4 Nf6 25.Nd3 Kd6 26.Ne5 Nd7 27.Nxd7 Kxd7 28.Kf2 Rg8 29.Bf1
a5 30.a3 Ra7 31.Bd3 Bf7 32.Rac1 Bg6 33.Rh1 Raa8 34.Ra1 Kd6 35.Rhb1 Ra7 36.Rb2
g4 37.Rh1 h5 38.h3 b6 39.hxg4 hxg4 40.b4 axb4 41.axb4 dxc4 42.Bxc4 b5 43.Bb3
Rga8 44.Rbb1 Rh7 45.Rxh7 Bxh7 46.Ke2 Ra3 47.Kd2 Bg6 48.Kc2 Ra7 49.Rh1 Rh7
50.Rxh7 Bxh7 51.Kd3 Bg6 52.Bd1 Kd5 53.Bb3+ {#d} 1/2-1/2

[Event "It (open)"]
[Site "masterchessopen.com - Godesburg (Germany)"]
[Round "0"]
[White "Polster Wolfgang Dr (GER)"]
[Black "Lamprecht Mark (GER)"]
[Result "1-0"]
[WhiteElo "2267"]
[BlackElo "2150"]

1.d4 f5 2.g3 Nf6 3.Bg2 d5 4.Nf3 e6 5.O-O Be7 6.c4 c6 7.b3 O-O 8.Ba3 Bxa3
9.Nxa3 Qe7 10.Qc1 Nbd7 11.Qb2 a5 12.Nc2 b6 13.Rfc1 Bb7 14.Nce1 Rfc8 15.Nd3 Ne4
16.Nfe5 Nxe5 17.Nxe5 Nf6 18.Rc2 Nd7 19.Nd3 a4 20.Rac1 axb3 21.axb3 Rf8 22.Ra1
Rxa1+ 23.Qxa1 Ra8 24.Ra2 Qf8 25.Nf4 Rxa2 26.Qxa2 Kf7 27.Qa4 Qd6 28.h4 g6 29.e3
Ke7 30.Nd3 Qc7 31.Qa3+ Kf7 32.Nf4 Nb8 33.Qa7 Na6 34.Nd3 c5 35.dxc5 dxc4
36.cxb6 Qd7 37.Ne5+ {#r} 1-0

[Event "Ch Belgium (team) 2001/02"]
[Site "masterchessopen.com - Belgium"]
[Round "1"]
[White "Kocsis Levente (ROM)"]
[Black "Kerkmeester Heico (NED)"]
[Result "1-0"]
[WhiteElo "2392"]
[BlackElo "2250"]

1.c4 f5 2.d4 e6 3.g3 Nf6 4.Bg2 Be7 5.Nf3 d5 6.O-O c6 7.b3 O-O 8.Ba3 Bxa3
9.Nxa3 Qe7 10.Qc1 Bd7 11.Qb2 Be8 12.Rac1 Bh5 13.b4 Bxf3 14.Bxf3 a6 15.Bg2 Nbd7
16.Rfe1 Rfc8 17.f3 b5 18.c5 a5 19.Nc2 Qf7 20.bxa5 Rxa5 21.Nb4 Ra4 22.e3 Nf8
23.Bf1 Qa7 24.Bd3 Qa5 25.Rb1 Ra3 26.Re2 N8d7 27.e4 fxe4 28.fxe4 dxe4 29.Bxe4
Nxe4 30.Rxe4 Nf8 31.Qf2 h6 32.Rg4 Qc7 33.Rf1 Ra7 34.Rf4 Ng6 35.Rg4 Rf8 36.Qe2
Rxf1+ 37.Qxf1 Ne7 38.Qf6 Nd5 39.Qxe6+ Kh8 40.Nxd5 cxd5 41.Qxd5 Qa5 42.Rf4 Qe1+
43.Kg2 Re7 44.Kh3 Kh7 45.c6 Qe2 46.Rf8 h5 47.Qf3 {#r} 1-0

[Event "Ch Germany (seniors) (team)"]
[Site "masterchessopen.com - Rheda (Germany)"]
[Round "1"]
[White "Starck Bodo (GER)"]
[Black "Lange Siegfried (GER)"]
[Result "1-0"]
[WhiteElo "2261"]
[BlackElo "2094"]

1.d4 e6 2.c4 f5 3.g3 Nf6 4.Bg2 d5 5.Nf3 c6 6.O-O Be7 7.b3 O-O 8.Ba3 Bxa3
9.Nxa3 Qe7 10.Qc1 Nbd7 11.Qb2 Ne4 12.Nc2 Ndf6 13.Nce1 Bd7 14.Nd3 Rad8 15.Nfe5
Bc8 16.a4 Nd7 17.c5 Nxe5 18.Nxe5 Nf6 19.b4 Nd7 20.Nd3 Rde8 21.f4 Nf6 22.Bf3
Ne4 23.Ne5 g5 24.e3 gxf4 25.Bxe4 fxe4 26.Rxf4 Rxf4 27.gxf4 Kh8 28.Qf2 Rg8+
29.Kh1 Bd7 30.Rg1 Rxg1+ 31.Qxg1 Be8 32.Qg5 Qxg5 33.fxg5 Kg7 34.Kg2 Bh5 35.Kg3
Bd1 36.a5 a6 37.Nd7 Bh5 38.Nb6 Be8 39.Nc8 Bd7 40.Nd6 Kg6 41.Kf4 h6 42.gxh6
Kxh6 43.Nxb7 Kg6 44.Ke5 Kf7 45.Kd6 Ke8 46.h4 Bc8 47.Kxc6 {#r} 1-0

[Event "It"]
[Site "masterchessopen.com - Lisbon (Portugal)"]
[Round "2"]
[White "Simoes Filipe (POR)"]
[Black "Oliveira Henrique (POR)"]
[Result "1/2-1/2"]
[WhiteElo "2082"]
[BlackElo "2122"]

1.d4 f5 2.g3 Nf6 3.Bg2 e6 4.Nf3 d5 5.O-O Be7 6.c4 c6 7.b3 O-O 8.Ba3 Bxa3
9.Nxa3 Qe7 10.Qc1 Nbd7 11.Qb2 Ne4 12.Nc2 Ndf6 13.Nce1 Bd7 14.Nd3 b6 15.Nfe5
Rac8 16.Rac1 Rfd8 17.f3 Ng5 18.h4 Nf7 19.e4 dxe4 20.fxe4 Nxe5 21.Nxe5 fxe4
22.Rf4 c5 23.Bxe4 Nxe4 24.Rxe4 cxd4 25.Qxd4 Bc6 26.Nxc6 Rxc6 27.Qe5 Rd2 28.Rf1
Rcd6 29.Ref4 Rd1 30.Rf2 h6 31.Rxd1 Rxd1+ 32.Kh2 Qd7 33.Re2 Qc6 34.Qxe6+ Qxe6
35.Rxe6 Rd2+ 36.Kh3 Kf7 37.Rc6 Rxa2 38.c5 bxc5 39.Rxc5 Rb2 {#d} 1/2-1/2

[Event "Bayern Regionalliga Southeast 2003/04"]
[Site "masterchessopen.com - Bayern (Germany)"]
[Date "2004.04.25"]
[Round "9"]
[White "Schmidt Anton (GER)"]
[Black "Huber Edwin (GER)"]
[Result "1-0"]
[WhiteElo "2153"]
[BlackElo "2124"]

1.d4 f5 2.g3 Nf6 3.Bg2 e6 4.Nf3 d5 5.O-O Be7 6.c4 c6 7.b3 O-O 8.Ba3 Bxa3
9.Nxa3 Qe7 10.Qc1 Bd7 11.Nc2 Be8 12.Nce1 Bh5 13.Nd3 h6 14.Qb2 Nbd7 15.c5 g5
16.b4 g4 17.Nfe5 Nxe5 18.Nxe5 Nd7 19.Nd3 Nf6 20.b5 cxb5 21.Qxb5 Be8 22.Qb2 Rf7
23.Rab1 Rg7 24.Qc2 h5 25.Rb4 Bc6 26.Rfb1 h4 27.Ne5 hxg3 28.hxg3 Qe8 29.Qb3 Nd7
30.Nd3 b6 31.Rc1 bxc5 32.Nxc5 Nxc5 33.Rxc5 Rc8 34.Qc3 Rgc7 35.Qe3 Qd7 36.Rb1
Qe8 37.Rbc1 Rb7 38.Bxd5 exd5 39.Rxc6 Qxc6 40.Rxc6 Rxc6 41.Qe8+ {#r} 1-0